[Event "10th Karen Asrian Memorial 2017"]
[Site "Jermuk"]
[Date "2017.06.28"]
[Round "8"]
[White "Melkumyan, Hrant"]
[Black "Gabuzyan, Hovhannes"]
[Result "1-0"]
[WhiteElo "2624"]
[BlackElo "2570"]
[Annotator "TA"]
[PlyCount "91"]
[EventDate "2017.??.??"]
[EventType "swiss"]
[EventCountry "ARM"]
[SourceTitle "playchess.com"]
[Source "ChessBase"]
[SourceQuality "1"]

{[%evp 23,91,17,42,50,48,52,61,56,67,75,108,117,112,83,97,93,98,83,76,40,37,37,48,29,33,16,38,36,55,28,58,56,74,66,123,132,119,121,122,73,239,214,251,159,158,160,157,150,215,207,310,288,354,348,766,743,12814,11533,5027,1063,12825,1611,1459,1190,12844,12843,12843,12844,12844,12843]} 1. d4 Nf6 2. Nf3 e6 3. c4 b6 4. g3 Bb7 5. Bg2 Be7 6. O-O O-O 7. Nc3 Ne4 8. Bd2 Bf6 9. Ne5 {E18: Queen's Indian: Old Main Line (4 g3 Bb7 5 Bg2 Be7 6 0-0 0-0 7 Nc3)} Nxc3 10. Bxc3 Bxg2 11. Kxg2 d5 12. Qa4 Qe8 {LiveBook: 3 Games} 13. Qxe8 Rxe8 14. cxd5 exd5 {[#]} 15. Nd3 $146 ({Predecessor:} 15. e3 a5 16. Rac1 Bxe5 17. dxe5 {0-1 (46) Melkumyan,H (2649)-Wojtaszek,R (2733) Germany 2013}) 15... Rxe2 16. Nf4 $1 {[%csl LRd5,LRe2]} Re6 17. Nxe6 fxe6 18. Rae1 Kf7 19. f4 g6 20. g4 Nc6 21. f5 exf5 $1 22. gxf5 g5 23. Re6 Ne7 24. Re2 Rd8 25. Rc2 $36 {[%mdl 2048] White is pushing.} Rd7 26. Bd2 a5 27. Be3 h6 28. h3 Nc8 ({Black should play} 28... c6 $14) 29. Rfc1 $16 Bd8 30. Bg1 Nd6 31. Rc6 Re7 $2 {[#]} (31... Ke8 $16) 32. Bh2 $1 $18 {[%cal Rh2d6]} Nc4 33. R1xc4 dxc4 {[%mdl 4096] Endgame KRB-KRB} 34. Be5 h5 35. Kf3 {[%mdl 1024] White has strong compensation.} ({Much weaker is} 35. Rxc4 $6 c5 $11) 35... Re8 (35... b5 $16 {is a better defense.} 36. Rc5 c6 37. Rxc6 a4) 36. Rh6 ({Inferior is} 36. Rxc4 c5 $11) (36. Bxc7 Bxc7 37. Rxc7+ Kf6 $11) 36... c5 (36... Rf8 $142 37. Rxh5 b5) 37. Rh7+ (37. Rxh5 Bf6 $16) 37... Kf8 38. f6 ({Less strong is} 38. Rxh5 cxd4 39. Bxd4 a4 $16) 38... g4+ $2 (38... Bxf6 39. Bxf6 Re1) 39. hxg4 {White is clearly winning.} hxg4+ 40. Kxg4 {[#] Kf5 would kill now.} Bxf6 41. Bxf6 cxd4 {KRB-KR} 42. Kf5 {Intending Kg6 and mate.} Re2 43. Bxd4 b5 44. Be5 Kg8 45. Rg7+ Kf8 46. Rc7 {Precision: White = 69%, Black = 26%.} 1-0

[Event "10th Karen Asrian Memorial 2017"]
[Site "Jermuk"]
[Date "2017.06.28"]
[Round "8"]
[White "Andriasian, Zaven"]
[Black "Postny, Evgeny"]
[Result "1/2-1/2"]
[WhiteElo "2622"]
[BlackElo "2581"]
[Annotator "TA"]
[PlyCount "43"]
[EventDate "2017.??.??"]
[EventType "swiss"]
[EventCountry "ARM"]
[SourceTitle "playchess.com"]
[Source "ChessBase"]
[SourceQuality "1"]

{[%evp 15,43,6,8,6,9,8,31,20,31,24,31,19,24,-7,0,-22,9,12,2,7,18,15,15,0,0,-10,-11,-17,0,0]} 1. e4 e5 2. Nf3 Nc6 3. Bb5 {[%cal Bf1b5,Bb5a4,Ba4b3,Bb3a2][%mdl 32]} a6 4. Ba4 Nf6 5. O-O Be7 6. d3 b5 7. Bb3 d6 8. a4 Bd7 9. Nc3 {C84: Closed Ruy Lopez: Unusual White 6th moves} (9. c3 Na5 10. Ba2 bxa4 11. Nbd2 O-O 12. Re1 c5 13. Bb1 Qc7 14. Bc2 c4 15. Nxc4 Nxc4 16. dxc4 Qxc4 17. Bxa4 {½-½ (55) Topalov,V (2741)-Harikrishna,P (2755) Shamkir 2017}) 9... Na5 10. Ba2 c5 11. axb5 {White is slightly better.} axb5 12. Bg5 O-O 13. Nd5 Nc6 {[#] Strongly threatening ...Nxd5.} 14. Nxe7+ (14. Bxf6 $5 Bxf6 15. h3 $14) 14... Qxe7 {The position is equal.} 15. Nh4 $146 ({Predecessor:} 15. h3 h6 16. Bh4 Nb4 {0-1 (36) Bajarani,U (2409)-Bindrich,F (2522) Chotowa 2010}) 15... Be6 16. Bxe6 Qxe6 17. Nf5 h6 {[#] Hoping for ...Rxa1.} 18. Bxf6 Qxf6 19. c3 Ne7 20. Nxe7+ Qxe7 21. Qb3 Qe6 22. Qxe6 {Precision: White = 55%, Black = 40%.} 1/2-1/2

[Event "10th Karen Asrian Memorial 2017"]
[Site "Jermuk"]
[Date "2017.06.28"]
[Round "8"]
[White "Hovhannisyan, Robert"]
[Black "Arutinian, David"]
[Result "0-1"]
[WhiteElo "2621"]
[BlackElo "2527"]
[Annotator "TA"]
[PlyCount "74"]
[EventDate "2017.??.??"]
[EventType "swiss"]
[EventCountry "ARM"]
[SourceTitle "playchess.com"]
[Source "ChessBase"]
[SourceQuality "1"]

{[%evp 11,74,19,18,12,21,9,23,27,40,31,59,37,33,0,4,-49,19,-46,-70,-63,-40,-58,-59,-53,-22,-22,8,0,0,0,0,0,0,0,0,0,0,0,0,-16,0,-33,-16,-27,-35,-29,-23,-66,-8,-114,-47,-86,-87,-87,-93,-80,-83,-136,0,0,0,-159,-152,-29981,-29982]} 1. e4 c6 2. d4 d5 3. exd5 cxd5 4. Bd3 Nc6 5. c3 Qc7 6. Ne2 Bg4 7. O-O {B13: Caro-Kann: Exchange Variation and Panov-Botvinnik Attack} e6 8. Qe1 Bxe2 9. Qxe2 {White has an edge.} Bd6 (9... Nf6 10. Nd2 Bd6 11. g3 O-O 12. f4 Rae8 13. Nf3 Nd7 14. Bd2 f5 {1-0 (34) Yu,Y (2729)-Dreev,A (2652) Doha 2016}) 10. g3 (10. Qg4 $5 {[%cal Rg4g7]} Kf8 11. Qh4 $11) 10... h5 11. Kg2 $146 ({Predecessor:} 11. Bg5 Nge7 12. Nd2 f6 13. Be3 h4 14. Kg2 Qd7 {0-1 (26) Pershin,D (2263)-Chekhov,S (2474) St Petersburg 2014}) 11... h4 12. Be3 O-O-O 13. Nd2 (13. Bg5 $11) 13... Nge7 (13... f6 $15) 14. c4 (14. Nf3 $11) 14... dxc4 $15 15. Nxc4 Nd5 16. Be4 Nxe3+ 17. Qxe3 Kb8 18. Rac1 hxg3 19. hxg3 f5 20. Nxd6 Rxd6 21. Bf3 Qd7 22. Rh1 Rd8 23. Bxc6 Rxc6 24. Qe5+ Ka8 25. Rcd1 Rd6 26. Rh7 Qc6+ 27. Kg1 a6 28. Qxg7 f4 {And now ...R6d7 would win.} 29. Qc7 fxg3 ({Black should try} 29... Qd5 $1 $15) 30. fxg3 (30. Qxc6 $11 gxf2+ 31. Kxf2 Rxc6 32. Ke3) 30... Qf3 (30... Qe4 $17 31. b3 (31. d5 Qe3+ 32. Kh2 Qe2+ 33. Kh3 Rb8 $17) 31... Rxd4 32. Qxd8+ Rxd8 33. Rxd8+ Ka7) 31. Rd3 Qe4 $40 {[%mdl 1152] Threatens to win with ...Rf8. Black has strong compensation. White is in trouble.} 32. d5 {[%csl Gh7][%cal Rc7b7] [#]} Qe1+ $1 33. Kg2 {[%csl Gh7][%cal Rc7b7] [#]} Qe2+ $1 34. Kg1 (34. Kh3 $142 Rb8 35. Qxd6) 34... Qe1+ 35. Kg2 $1 {[%csl Gh7][%cal Rc7b7]} Qe2+ 36. Kg1 $1 {[%csl Gh7][%cal Rc7b7]} ({But not} 36. Kh3 Rb8 $17) 36... Qxb2 37. Rb3 $2 (37. Rd2 $17 Qb1+ 38. Kg2) 37... Qa1+ {Precision: White = 30%, Black = 54%.} 0-1

[Event "10th Karen Asrian Memorial 2017"]
[Site "Jermuk"]
[Date "2017.06.28"]
[Round "8"]
[White "Maghsoodloo, Parham"]
[Black "Zubov, Alexander"]
[Result "0-1"]
[WhiteElo "2584"]
[BlackElo "2612"]
[Annotator "TA"]
[PlyCount "50"]
[EventDate "2017.??.??"]
[EventType "swiss"]
[EventCountry "ARM"]
[SourceTitle "playchess.com"]
[Source "ChessBase"]
[SourceQuality "1"]

{[%evp 20,50,29,0,0,-15,0,0,0,0,0,0,68,-45,-53,-62,-80,-343,-326,-327,-218,-220,-224,-228,-224,-205,-212,-212,-202,-214,-230,-1001,-1002]} 1. d4 Nf6 2. c4 g6 3. Nc3 Bg7 4. e4 d6 5. Nf3 O-O 6. Be2 c6 7. O-O e5 8. Re1 exd4 9. Nxd4 Re8 10. Bf1 Nbd7 11. Nc2 Ne5 {E95: King's Indian: Classical: 7...Nbd7 8 Re1} 12. h3 Be6 13. b3 Nh5 {The position is equal.} 14. Nd4 c5 $146 ({Predecessor:} 14... Qh4 15. Be3 h6 16. Nxe6 Rxe6 17. Rc1 Rae8 18. Kh1 Nd7 19. g3 {0-1 (40) Rashkovsky,N (2485)-Dorfman,J (2405) Moscow 1976}) 15. Nde2 $1 f5 (15... d5 $11) 16. exf5 (16. Nf4 $14) 16... Bxf5 $15 17. Be3 Nd3 {[#] Threatens to win with ...Rxe3.} 18. g4 $2 {[%mdl 8192]} (18. Qd2 $17 {was forced.} Nxe1 19. Rxe1) 18... Rxe3 $19 19. fxe3 {Black must now prevent Bg2.} Qh4 20. Bg2 {[#] Rf1 is the strong threat.} Qf2+ $1 ({Worse is} 20... Bxc3 21. Nxc3 Qf2+ 22. Kh1 $11) 21. Kh1 Qxe3 {( -> ...Nf2+)} 22. Rf1 {aiming for Rf3.} Bxc3 $1 $40 {[%mdl 128] Black is out for blood.} 23. Nxc3 Ng3+ 24. Kh2 Qe5 {[%mdl 1024] Black has strong compensation.} 25. Rf3 $2 (25. Kg1 Qxc3 26. gxf5 Qd4+ 27. Kh2) 25... Ne4+ {Precision: White = 45%, Black = 81%.} 0-1

[Event "10th Karen Asrian Memorial 2017"]
[Site "Jermuk"]
[Date "2017.06.28"]
[Round "8"]
[White "Bortnyk, Olexandr"]
[Black "Kovalenko, Igor"]
[Result "1-0"]
[WhiteElo "2580"]
[BlackElo "2656"]
[Annotator "TA"]
[PlyCount "137"]
[EventDate "2017.??.??"]
[EventType "swiss"]
[EventCountry "ARM"]
[SourceTitle "playchess.com"]
[Source "ChessBase"]
[SourceQuality "1"]

{[%evp 12,137,0,4,31,29,42,-22,-8,2,22,21,52,25,59,39,50,56,60,30,34,18,13,17,15,7,47,45,55,58,99,88,98,95,89,84,79,61,79,71,191,178,166,166,159,30,38,27,45,28,25,53,53,58,54,0,0,0,0,0,0,-4,0,0,0,0,0,0,0,-8,-8,-8,0,0,0,0,0,0,0,0,0,0,0,0,36,27,33,-9,0,-64,0,8,8,12,12,12,232,255,411,413,87,287,443,431,441,445,447,425,424,437,426,410,458,319,498,438,487,478,734,734,734,734,734,734,734,712,712,712]} 1. e4 c6 2. Nc3 d5 3. Nf3 Bg4 4. h3 Bxf3 5. Qxf3 e6 6. d3 Nd7 7. Be2 Bc5 {B11: Caro-Kann: Two Knights Variation} (7... g6 8. Qg3 Bg7 9. h4 Qb8 10. Bf4 Be5 11. Bxe5 Qxe5 12. f4 Qd4 13. h5 Ne7 14. O-O-O O-O-O 15. Kb1 {1-0 (46) Mamedov,R (2688)-Wojtaszek,R (2749) Tallinn 2016}) 8. Qg3 Bd4 9. Nd1 $146 (9. Be3 $14 Be5 10. f4) ({Predecessor:} 9. O-O Ne7 10. Nd1 Qb8 11. Bf4 e5 12. Bg5 f6 13. Be3 Bxe3 14. Nxe3 O-O 15. Bg4 {0-1 (41) Chernyshov,K (2488)-Dreev,A (2639) St Petersburg 1999}) 9... Ne7 {The position is equal.} 10. c3 Bf6 (10... Be5 $5 {[%cal Re5g3]} 11. f4 Bf6 $11) 11. O-O Qb6 12. Ne3 g6 13. d4 Bg7 14. a4 Qd8 15. exd5 cxd5 16. a5 a6 17. Bd3 O-O 18. Re1 Kh8 19. Ng4 Nf5 20. Qf3 $36 {[%mdl 2048] White has good play.} Qh4 21. Bf4 Rae8 22. Ra4 Qd8 23. Rb4 Qc8 24. Bxf5 gxf5 25. Ne5 Re7 (25... Nxe5 $16 26. dxe5 Qc7) 26. Nd3 $18 Rg8 27. c4 Nf6 28. Bg5 ({White should play} 28. Bd6 $16 Rd7 29. Ne5) 28... dxc4 $11 29. Ne5 h6 30. Rxc4 Qd8 31. Bd2 Kh7 $1 32. Bb4 Rc7 33. Rxc7 ({White should try} 33. Rec1 $1 $14 Rxc4 34. Rxc4) 33... Qxc7 34. Qc3 Rc8 35. Qxc7 Rxc7 36. Bd6 Rc2 37. Nxf7 Ne4 38. Be5 Nxf2 39. Bxg7 Kxg7 {[%mdl 4096] Endgame KRN-KRN} 40. Nd8 Ne4 41. b4 Rc4 42. Nxe6+ Kf6 43. Nc5 $1 Rxd4 44. Rb1 Nd6 45. Re1 Ne4 46. Rb1 Nd6 47. Re1 h5 48. Re6+ Kg5 49. h4+ Kf4 50. Re7 ({Better is} 50. Kf2 $11) 50... Rd1+ (50... Kg3 $15 51. Rg7+ Rg4 52. Rxg4+ fxg4) 51. Kh2 {[#] And now Rd7 would win.} Ne4 $1 52. Ne6+ (52. Rxb7 $2 Nf2 $17) 52... Ke3 53. Ng7 (53. Rxb7 Nf2 $17) 53... Kf2 $2 (53... Kf4 $11 {and Black is okay.}) 54. Nxf5 $18 (54. Rxb7 $2 {gets mated.} Ng3 55. Kh3 Rh1#) ({Don't do} 54. Nxh5 $6 Rd4 $16) 54... Nf6 $2 (54... Rd5 55. Rxe4 Rxf5) 55. Ng3 {[%csl Gg3][%cal Re7e2] [#]} Ng4+ 56. Kh3 Kg1 {[%cal Rg4f2]} 57. Nxh5 Nf2+ 58. Kg3 Rd3+ 59. Kf4 Kxg2 {Black hopes to continue with ...Rd4+.} 60. Rg7+ Kh3 61. Rxb7 Ng4 62. Ke4 Re3+ (62... Nf2+ {was worth a try.} 63. Kf4 Kxh4) 63. Kd4 {White is clearly winning.} Rf3 64. b5 axb5 (64... Ra3 $142 65. b6 (65. bxa6 Rxa5 66. Nf4+ Kg3 $16) 65... Ra4+ 66. Kc3 Rxa5 67. Nf4+ Kg3 68. Ne2+ Kh3) 65. a6 {[%cal Ba5a6,Ba6a7][%mdl 32]} Ra3 66. a7 b4 67. Nf4+ Kxh4 68. Nd5 b3 69. Nc7 {Precision: White = 72%, Black = 50%.} 1-0

[Event "10th Karen Asrian Memorial 2017"]
[Site "Jermuk"]
[Date "2017.06.28"]
[Round "8"]
[White "Zhigalko, Andrey"]
[Black "Yeoh, Li Tian"]
[Result "1/2-1/2"]
[WhiteElo "2563"]
[BlackElo "2471"]
[Annotator "TA"]
[PlyCount "119"]
[EventDate "2017.??.??"]
[EventType "swiss"]
[EventCountry "ARM"]
[SourceTitle "playchess.com"]
[Source "ChessBase"]
[SourceQuality "1"]

{[%evp 15,119,19,25,7,14,0,0,4,17,10,15,8,19,0,8,0,60,41,49,43,97,92,120,116,114,119,199,62,129,91,91,60,57,34,67,93,197,185,220,206,202,183,200,180,178,182,171,97,95,24,375,373,381,391,370,384,356,370,347,340,302,30,75,65,83,60,85,0,0,0,0,0,0,0,0,0,0,0,0,0,0,0,0,0,0,0,0,0,0,0,0,0,0,0,0,0,0,0,0,0,0,0,0,0,0,0]} 1. c4 c6 {[%cal Bc7c6,Bc6d5][%mdl 32]} 2. e4 d5 3. exd5 cxd5 4. d4 Nf6 5. Nc3 Nc6 6. Bg5 e6 7. c5 Be7 8. Bb5 {B14: Caro-Kann: Panov-Botvinnik Attack with 5...e6 and 5...g6} O-O {LiveBook: 20 Games} 9. Nge2 Bd7 (9... a6 $5 {[%cal Ra6b5]} 10. Bxc6 bxc6 $11) 10. Bxc6 $146 ({Predecessor:} 10. O-O h6 11. Bh4 b6 12. Bxc6 Bxc6 13. b4 bxc5 14. dxc5 Bb7 15. Qd4 Rc8 {0-1 (89) Salinas Herrera,P (2396)-Real de Azua,E (2458) Moron 2013}) 10... bxc6 11. O-O Ne8 12. Bf4 g5 13. Bg3 Ng7 14. h3 f6 15. b4 {[%cal Bb2b4,Bb4b5][%mdl 32]} Re8 ({Black should play} 15... a5 $11) 16. Qd2 Bf8 17. f4 $36 {[%mdl 2048] White has the initiative.} h6 (17... gxf4 $1 $14 18. Bxf4 (18. Qxf4 a5 $11) 18... a5) 18. Rab1 $16 Qe7 19. b5 Nf5 20. Bh2 Qf7 (20... gxf4 $16 21. bxc6 (21. Rxf4 cxb5 22. Rg4+ Kh8 $14) (21. Nxf4 Qf7 $16) (21. Bxf4 e5 $16) (21. Qxf4 e5 $16) 21... Bxc6) 21. Ng3 (21. fxg5 $18 hxg5 22. Qd3) 21... Nh4 (21... Ng7 $14) 22. bxc6 Bxc6 23. Rbe1 Qg6 24. Qd1 Bg7 25. Nh5 Bh8 {[#]} (25... gxf4 $16 {was worth a try.} 26. Nxf4 Qg5) 26. g3 $1 $18 {[%cal Rg3h4,Bg2g3,Bg3g4][%mdl 32]} Nf5 27. g4 Nh4 28. Bg3 f5 29. Kh2 Rab8 30. fxg5 hxg5 {[#]} 31. Qd2 ({Don't do} 31. Bxb8 Rxb8 32. Qd2 f4 $16) (31. Bxh4 $1 $18 {aiming for gxf5.} gxh4 32. Nf4 Rb2+ 33. Re2 Rxe2+ 34. Ncxe2 (34. Qxe2 Qf7 $11)) 31... Rb7 32. Ne2 (32. Bxh4 $16 gxh4 33. Rg1) 32... Rh7 $2 {[%mdl 8192]} (32... fxg4 $1 $11 {and Black stays safe.} 33. hxg4 Nf5) 33. Bxh4 $1 fxg4 34. hxg4 gxh4 35. Nef4 Qg5 {White must now prevent ...e5.} 36. Qd3 e5 37. Nh3 Qh6 38. Qf5 $2 ({Better is} 38. Rf5 $18) 38... Bd7 39. Qg5+ Qxg5 40. Nxg5 Rhe7 41. dxe5 (41. Rf6 $1 $16 {[%cal Rf6g6]} Bxf6 42. Nxf6+ Kf8 43. Rxe5) 41... Rxe5 $11 {The position is equal.} 42. Rxe5 Rxe5 43. Nf7 $1 {[%cal Rf7h8]} Re2+ 44. Kh3 Bd4 45. Nh6+ Kh7 46. Nf5 Bxf5 47. Rxf5 {[%mdl 4096] Endgame KRB-KRN} Be5 {[%csl Ge5][%cal Re2h2]} 48. Kxh4 {Strongly threatening Kg5.} Kg6 {[%cal Re2h2]} 49. Nf4+ Bxf4 $1 50. Rxf4 {KR-KR} Rh2+ 51. Kg3 Rc2 52. Ra4 {And now Kf4 would win.} (52. c6 $5) 52... Kg5 53. Rxa7 Rc3+ 54. Kf2 {Hoping for a4.} Kxg4 55. Rc7 Kf4 56. Ke2 Ke4 57. a4 Kd4 58. c6 Kc5 59. Kd2 Ra3 60. Rc8 {Precision: White = 44%, Black = 54%.} (60. a5 $5) 1/2-1/2

[Event "10th Karen Asrian Memorial 2017"]
[Site "Jermuk"]
[Date "2017.06.28"]
[Round "8"]
[White "Kotanjian, Tigran"]
[Black "Martirosyan, Haik M"]
[Result "1/2-1/2"]
[WhiteElo "2486"]
[BlackElo "2516"]
[Annotator "TA"]
[PlyCount "134"]
[EventDate "2017.??.??"]
[EventType "swiss"]
[EventCountry "ARM"]
[SourceTitle "playchess.com"]
[Source "ChessBase"]
[SourceQuality "1"]

{[%evp 15,134,53,61,72,65,52,63,53,60,35,45,37,35,33,40,34,69,68,79,77,84,82,83,85,87,87,87,86,93,85,83,72,89,86,91,87,86,86,86,87,103,70,115,86,106,103,136,105,135,135,135,135,135,135,135,135,135,0,135,135,135,135,135,135,135,135,135,135,135,135,135,135,135,0,135,135,135,135,135,135,134,119,119,119,134,134,134,134,134,134,129,93,93,93,106,106,93,84,70,79,73,57,106,106,106,106,106,106,106,106,106,106,106,106,106,106,106,106,106,106,106]} 1. d4 Nf6 2. c4 d6 3. Nc3 Nbd7 4. e4 e5 5. Nf3 Be7 6. Be2 O-O 7. O-O c6 8. Be3 Ng4 9. Bd2 {A55: Old Indian Defence with Nf3 and e4} Qc7 (9... Ngf6 10. d5 a6 11. b4 cxd5 12. cxd5 b5 13. a4 bxa4 14. Qxa4 Bb7 15. Rfc1 Qb8 16. h3 Rc8 {1-0 (30) Huzman,A (2577)-Khismatullin,D (2617) St Petersburg 2016}) 10. Rc1 (10. h3 $5 {[%cal Rh3g4]} Ngf6 11. a3 $14) 10... Re8 11. d5 {White is slightly better.} Ngf6 $146 ({Predecessor:} 11... c5 12. Ne1 Ngf6 13. g3 Bf8 14. Ng2 g6 15. g4 h6 16. Kh1 Bg7 {1-0 (59) Gausel,E (2480)-Haznedaroglu,K (2358) Ohrid 2001}) 12. b4 a5 13. a3 axb4 14. axb4 c5 15. b5 Nf8 16. Qb3 b6 17. Ra1 Bb7 18. Qc2 Rxa1 19. Rxa1 Ra8 20. Rxa8 Bxa8 21. Qa2 Bb7 22. Bd3 Bc8 23. g3 g6 24. Qa8 Qb7 25. Qxb7 Bxb7 26. Na4 Bd8 27. Ne1 Ne8 28. f4 {[%cal Bf2f4,Bf4f5][%mdl 32]} f6 29. h4 Kg7 30. f5 Bc8 31. Ng2 g5 32. Be2 Kg8 33. Ne3 h6 34. Kg2 Bd7 35. Kh3 Bc8 36. Kg2 Bd7 $1 37. Nc3 Bc8 38. Ncd1 Bd7 39. Nf2 Be7 40. Bf3 Bd8 41. Nh3 Be7 42. Nf1 Bd8 43. Nh2 Be7 44. Nf1 Bd8 $1 45. Bc1 Bc8 46. Ne3 Be7 47. Nf2 Bd7 48. Bg4 Ng7 49. Be2 Ne8 50. Kf1 Bc8 51. Bf3 Bd7 52. Ke2 Bc8 53. Bh5 Ng7 54. Bg6 Nxg6 55. fxg6 f5 {[#]} 56. exf5 $1 Nxf5 57. Nxf5 Bxf5 $16 {[%mdl 4096] Endgame [#] KBB-KBN} 58. h5 $1 Kg7 59. g4 {White is better.} Bd7 60. Kf3 Bc8 61. Kg3 Bd7 62. Nd1 Bc8 63. Ne3 Bd7 64. Kf3 Bc8 65. Ke4 Kf6 66. Bb2 Bd8 67. Bc3 Bd7 {Precision: White = 66%, Black = 66%.} 1/2-1/2

[Event "10th Karen Asrian Memorial 2017"]
[Site "Jermuk"]
[Date "2017.06.28"]
[Round "8"]
[White "Hakobyan, Hovhannes H"]
[Black "Ter-Sahakyan, Samvel"]
[Result "0-1"]
[WhiteElo "2196"]
[BlackElo "2598"]
[Annotator "TA"]
[PlyCount "78"]
[EventDate "2017.??.??"]
[EventType "swiss"]
[EventCountry "ARM"]
[SourceTitle "playchess.com"]
[Source "ChessBase"]
[SourceQuality "1"]

{[%evp 11,78,5,3,-36,-8,-7,20,20,31,25,93,27,112,85,119,85,68,47,52,43,100,68,45,29,47,17,15,16,17,9,20,7,30,0,0,0,0,-9,-9,-9,-9,-8,0,-23,-8,-10,-4,-53,-63,-164,-168,-159,-174,-157,-87,-89,-88,-184,-203,-194,-196,-162,-188,-277,-264,-265,-268,-259,1802]} 1. e4 c5 2. Nf3 d6 3. d4 cxd4 4. Qxd4 Nc6 5. Bb5 a6 6. Bxc6+ {B53: Sicilian: 2...d6: Lines with Qxd4} bxc6 {LiveBook: 49 Games} 7. Bg5 (7. O-O e5 8. Qa4 Qc7 9. c4 Nf6 10. c5 Bg4 11. Nbd2 Nd7 12. cxd6 Bxd6 13. h3 Bh5 {1-0 (45) Andreikin,D (2736)-Sakaev,K (2594) Sochi 2016}) 7... h6 $146 ({Predecessor:} 7... Qa5+ 8. Nbd2 e5 9. Qd3 f6 10. Be3 d5 11. O-O d4 12. Nc4 Qc5 13. b4 Qa7 14. Nxd4 exd4 15. Bxd4 {1-0 (29) Garcia,G (2199)-Deus Filho,J (1926) Caldas Novas 2017}) 8. Bh4 {The position is equal.} e5 {[#] And now ...Qxh4 would win.} 9. Bxd8 exd4 10. Ba5 Bb7 (10... c5 $11 {keeps the balance.}) 11. O-O (11. Nxd4 $16 c5 12. Nf5) 11... Kd7 (11... c5 $11) 12. Nbd2 $16 c5 13. c3 dxc3 14. Bxc3 Re8 15. Rfe1 Re6 (15... Nf6 $14) 16. Rad1 Nf6 17. e5 Nd5 18. Ba5 f6 {[%cal Rf6e5]} 19. exd6 Rxe1+ 20. Nxe1 Bxd6 21. Ne4 (21. Nc4 {is interesting.} Re8 22. f3 Bc6 23. b3 Bf8 24. Nd3) 21... Re8 22. Nxd6 (22. f3 {feels hotter.} f5 23. Nxd6 Kxd6 24. Nd3 c4 25. Nf4) 22... Kxd6 23. Nd3 Re4 24. b3 (24. f3 {with more complications.} Rd4 25. Be1 Ne3 26. Rd2 Nc4 27. Rc2) 24... Rd4 25. Nb2 Rxd1+ 26. Nxd1 $11 {[%mdl 4096] Endgame KBN-KBN} Ke5 27. Ne3 Nb4 28. a3 Nd3 29. Bb6 Bd5 30. Nxd5 (30. b4 $15) 30... Kxd5 $15 {KB-KN} 31. Kf1 Nc1 32. b4 c4 ({Black should play} 32... cxb4 33. axb4 Nd3) 33. Be3 $17 {[#]} Na2 $1 {White must now prevent ...c3.} 34. Ke2 (34. Ke1 $17 Nc3 35. Bc5) 34... Nc3+ $19 35. Kf3 Nb1 36. a4 Nc3 37. a5 (37. Bc5 $142) 37... Na2 {Black has a decisive advantage.} 38. b5 axb5 39. a6 Ke5 $4 {[%mdl 40960] Precision: White = 41%, Black = 42%. . Sensor Board Error (Ke4/e5)?} (39... Kc6 $19 40. Ke2 Nb4) 0-1

[Event "10th Karen Asrian Memorial 2017"]
[Site "Jermuk"]
[Date "2017.06.29"]
[Round "9"]
[White "Kovalenko, Igor"]
[Black "Mosadeghpour, Masoud"]
[Result "0-1"]
[WhiteElo "2656"]
[BlackElo "2444"]
[Annotator "TA"]
[PlyCount "80"]
[EventDate "2017.??.??"]
[EventType "swiss"]
[EventCountry "ARM"]
[SourceTitle "playchess.com"]
[Source "ChessBase"]
[SourceQuality "1"]

{[%evp 11,80,9,42,42,40,41,46,33,31,31,33,29,44,-3,51,-22,0,-35,-40,-41,0,0,0,-82,-89,-89,-24,-43,-40,-26,-3,-2,-13,-34,13,-51,0,-71,-70,-69,-60,-125,-91,-149,-152,-194,-199,-247,-238,-381,-357,-378,-365,-580,-572,-575,-518,-699,-552,-550,-528,-531,-533,-518,-513,-508,-508,-562,-541,-515,-503]} 1. Nf3 Nf6 2. d4 e6 3. e3 d5 4. Bd3 c5 5. b3 Nc6 6. O-O Qc7 7. c4 {D05: Colle System with ...e6} (7. a3 Bd6 8. Bb2 e5 9. dxe5 Nxe5 10. Bb5+ Ke7 11. Nbd2 Rd8 12. Nxe5 Bxe5 13. Bxe5 Qxe5 14. Nf3 Qc3 {0-1 (53) Kempinski,R (2637)-Fridman,D (2642) Germany 2015}) 7... dxc4 8. bxc4 Be7 9. Nc3 {White is slightly better.} O-O 10. Bb2 Rd8 11. d5 $146 ({Predecessor:} 11. Qe2 Nb4 12. Bb1 b6 13. a3 Nc6 14. Rd1 Ba6 {1-0 (24) Castaneda,G (2500)-Roemersma,A (2106) Amsterdam 2014}) 11... exd5 12. cxd5 Bg4 (12... Ne5 $11) 13. Be2 (13. dxc6 $14 c4 14. Bxh7+ Kxh7 15. cxb7 Qxb7 16. Qc2+ Kg8 17. Nd4) 13... Bf5 14. Bc4 a6 15. a4 Qb6 (15... Na5 $5 {[%cal Ra5c4]} 16. Bd3 Bxd3 17. Qxd3 c4 $15) 16. Qe2 Na5 17. Ba3 {[#]} (17. Ba2 $11 {keeps the balance.}) 17... Ne4 $1 $17 {[%cal Re4c3]} 18. Rac1 Nxc3 (18... Nxc4 $17 19. Qxc4 Nxc3 20. Rxc3 Qa5) 19. Rxc3 $11 Bf6 {[%cal Be7f6,Bf6e5,Be5d6,Bd6c5][%mdl 32]} 20. Rcc1 Be4 21. Rfd1 Rac8 $36 {[%mdl 2048] Black fights for an advantage.} 22. Ne1 Be5 23. f3 (23. Bd3 $11 Bxd3 24. Nxd3) 23... Qh6 (23... Bg6 $15) 24. f4 {[#]} (24. fxe4 $11 Qxh2+ 25. Kf1 Qh1+ 26. Kf2 Qh4+ 27. Kf1 Qh1+ 28. Kf2 Qh4+ 29. Kf1 Qh1+) 24... Bd6 $1 $17 25. Ba2 Re8 26. Qd2 (26. Bb2 $1 $15) 26... b6 27. Bb2 (27. Qb2 $142) 27... c4 28. Bc3 Bc5 29. d6 {d7 is the strong threat.} Qxf4 30. Bd4 (30. Nc2 $142 Nb3 31. Bxb3 cxb3 32. Nd4 Qxd6 33. Nxb3 Qxd2 34. Bxd2) 30... Qxd6 $19 31. Qf2 Qe6 32. Nc2 (32. Bb1 {only move.}) 32... Nb3 {Black is clearly winning.} 33. Rb1 Qf5 34. Rf1 Bxc2 35. Qxf5 Bxf5 36. Rxf5 Bxd4 37. exd4 Nxd4 38. Rf2 b5 39. axb5 axb5 40. Kf1 Ra8 {Precision: White = 35%, Black = 55%.} 0-1